[Event "FIDE World Cup"]
[Site "Tbilisi"]
[Date "2017.09.08"]
[Round "2.3"]
[White "Artemiev, Vladislav"]
[Black "Radjabov, Teimour"]
[Result "1-0"]
[WhiteElo "2692"]
[BlackElo "2742"]
[PlyCount "151"]
[EventDate "2017.09.03"]
[EventType "k.o."]
[EventRounds "7"]
[EventCountry "GEO"]
[SourceTitle "CBM 181"]
[Source "ChessBase"]
[SourceDate "2017.11.10"]
[SourceVersion "1"]
[SourceVersionDate "2017.11.10"]
[SourceQuality "1"]

1. d4 Nf6 2. Nc3 d5 3. Bf4 e6 4. Nb5 Na6 5. e3 c6 6. Nc3 Qb6 7. a3 Be7 8. Bd3
c5 9. Rb1 O-O 10. Nf3 Bd7 11. Ne5 c4 12. Be2 Rfd8 13. Bg5 Nc7 14. Bh5 Be8 15.
Ng4 Nb5 16. O-O Nxg4 17. Bxe7 Qc7 18. Bxg4 Qxe7 19. Nxb5 Bxb5 20. c3 Bc6 21.
Bf3 b5 22. Re1 a5 23. e4 dxe4 24. Bxe4 Bxe4 25. Rxe4 b4 26. axb4 axb4 27. h3
Ra2 28. Qf1 bxc3 29. bxc3 Ra4 30. Re5 Qa3 31. Qe1 Ra5 32. Rxa5 Qxa5 33. Rb4 Rc8
34. Qf1 Qd5 35. Qb1 g6 36. Rb5 Qd6 37. Qa2 Qf4 38. Qa1 Qe4 39. Re5 Ra8 40. Qc1
Qb7 41. Rc5 Qb3 42. Rc7 h5 43. Qf4 Rf8 44. Qc1 Rd8 45. h4 Kg7 46. Qf4 Rf8 47.
Qe3 Kg8 48. g3 Rd8 49. Qf3 Rf8 50. Kg2 Kg7 51. Qe3 Kg8 52. Rc5 Rb8 53. Qf3 Kg7
54. Rc7 Rf8 55. Rb7 Qc2 56. Rb4 Rc8 57. Rb7 Qf5 58. Qxf5 gxf5 59. Kf3 Kf6 60.
Kf4 Rc6 61. Rb8 Rc7 62. Rh8 Kg6 63. Ke5 Kg7 64. Ra8 Rb7 65. Rc8 Rb1 66. Rxc4
Rf1 67. d5 Re1+ 68. Kd6 exd5 69. Kxd5 Re2 70. Rf4 Kf6 71. c4 Rd2+ 72. Kc6 Ke5
73. c5 Rc2 74. Kb6 Ke6 75. Rf3 Ke5 76. c6 1-0

[Event "FIDE World Cup"]
[Site "Tbilisi"]
[Date "2017.09.08"]
[Round "2.4"]
[White "Radjabov, Teimour"]
[Black "Artemiev, Vladislav"]
[Result "1-0"]
[WhiteElo "2742"]
[BlackElo "2692"]
[PlyCount "119"]
[EventDate "2017.09.03"]
[EventType "k.o."]
[EventRounds "7"]
[EventCountry "GEO"]
[SourceTitle "CBM 181"]
[Source "ChessBase"]
[SourceDate "2017.11.10"]
[SourceVersion "1"]
[SourceVersionDate "2017.11.10"]
[SourceQuality "1"]

1. e4 c5 2. Nf3 e6 3. d4 cxd4 4. Nxd4 a6 5. Bd3 Nf6 6. O-O Qc7 7. Nc3 b5 8. Re1
Bb7 9. Bg5 Nc6 10. Nxc6 Qxc6 11. Qf3 Be7 12. a3 Qc5 13. Be3 Qe5 14. Bf4 Qh5 15.
Qe3 Bc5 16. Qd2 O-O 17. Bg3 e5 18. Kh1 d6 19. f3 h6 20. b4 Bd4 21. Bf2 Bxc3 22.
Qxc3 Rac8 23. Qd2 d5 24. exd5 Bxd5 25. a4 Rfd8 26. axb5 axb5 27. Bb6 Rd6 28.
Bc5 Rdd8 29. Be7 Rd7 30. Bxf6 gxf6 31. Bxb5 Bc6 32. Bd3 Bb5 33. Ra3 Rcd8 34. h3
Bxd3 35. Rxd3 Rxd3 36. cxd3 Qg5 37. Qc3 Qf5 38. Re4 Qd7 39. Qd2 h5 40. b5 Kg7
41. b6 Qxd3 42. Qxd3 Rxd3 43. Rb4 Rd8 44. Kg1 f5 45. Kf2 Kf6 46. b7 Rb8 47.
Rb6+ Kg5 48. g3 f4 49. g4 hxg4 50. hxg4 f5 51. gxf5 Kxf5 52. Ke2 Kg5 53. Kd3
Kf5 54. Rb5 Rd8+ 55. Kc4 Rb8 56. Kd5 Kf6 57. Kd6 e4 58. fxe4 f3 59. Rf5+ Kg6
60. Kc7 1-0

[Event "FIDE World Cup"]
[Site "Tbilisi"]
[Date "2017.09.08"]
[Round "2.5"]
[White "Radjabov, Teimour"]
[Black "Artemiev, Vladislav"]
[Result "1-0"]
[WhiteElo "2742"]
[BlackElo "2692"]
[PlyCount "141"]
[EventDate "2017.09.03"]
[EventType "k.o."]
[EventRounds "7"]
[EventCountry "GEO"]
[SourceTitle "CBM 181"]
[Source "ChessBase"]
[SourceDate "2017.11.10"]
[SourceVersion "1"]
[SourceVersionDate "2017.11.10"]
[SourceQuality "1"]

1. e4 c5 2. Nf3 e6 3. d4 cxd4 4. Nxd4 a6 5. Bd3 Nf6 6. O-O Qc7 7. Nc3 d6 8. a4
b6 9. Re1 Be7 10. Qf3 Nbd7 11. Qg3 Ne5 12. f4 Nxd3 13. cxd3 O-O 14. Be3 Bb7 15.
f5 e5 16. Nf3 Kh8 17. Kh1 Rae8 18. Rac1 Qd8 19. Bg5 Nh5 20. Qg4 Bxg5 21. Nxg5
Nf6 22. Qh3 h6 23. Nf3 d5 24. g4 dxe4 25. dxe4 Qa8 26. Nd2 Kg8 27. Qh4 Rd8 28.
g5 hxg5 29. Qxg5 Rxd2 30. Qxd2 Bxe4+ 31. Kg1 Bxf5 32. Rxe5 Bg6 33. Nd5 Nxd5 34.
Qxd5 Qb8 35. Rce1 Qc8 36. Qd4 f6 37. Rd5 Bf7 38. Rd6 b5 39. a5 Qf5 40. Re4 Qg5+
41. Kf2 Qf5+ 42. Kg3 Bg6 43. Rf4 Qb1 44. Rd8 Qe1+ 45. Kh3 Qe6+ 46. Kg2 Qe2+ 47.
Kh3 Qe6+ 48. Kg3 Qe1+ 49. Kg2 Qe2+ 50. Kg1 Qe1+ 51. Rf1 Qxa5 52. Rd1 Rxd8 53.
Qxd8+ Qxd8 54. Rxd8+ Kf7 55. Ra8 Bd3 56. Ra7+ Kg6 57. b4 f5 58. Kf2 Kf6 59.
Rxa6+ Kg5 60. h4+ Kh5 61. Ke3 Bc4 62. Kf4 g6 63. Ra8 Kh6 64. Rb8 Be2 65. Rh8+
Kg7 66. Re8 Bf1 67. Kg5 Kf7 68. Re5 Bd3 69. Rd5 Be2 70. Rd6 Bh5 71. Rb6 1-0

[Event "FIDE World Cup"]
[Site "Tbilisi"]
[Date "2017.09.08"]
[Round "2.7"]
[White "Artemiev, Vladislav"]
[Black "Radjabov, Teimour"]
[Result "1-0"]
[WhiteElo "2692"]
[BlackElo "2742"]
[PlyCount "55"]
[EventDate "2017.09.03"]
[EventType "k.o."]
[EventRounds "7"]
[EventCountry "GEO"]
[SourceTitle "CBM 181"]
[Source "ChessBase"]
[SourceDate "2017.11.10"]
[SourceVersion "1"]
[SourceVersionDate "2017.11.10"]
[SourceQuality "1"]

1. d4 d5 2. Bf4 e6 3. e3 Bd6 4. Nf3 Nf6 5. Nbd2 O-O 6. c3 b6 7. Bd3 Bb7 8. a4
c5 9. a5 Qc7 10. Bxd6 Qxd6 11. Ne5 c4 12. Bc2 b5 13. f4 Nbd7 14. Qf3 b4 15. g4
Rab8 16. g5 Ne8 17. Qh3 g6 18. Ndf3 Bc8 19. Ba4 bxc3 20. bxc3 Rb2 21. Ng4 f5
22. Nge5 Nxe5 23. Nxe5 Nc7 24. O-O a6 25. Qh6 Rd8 26. Nxg6 hxg6 27. Qxg6+ Kh8
28. Rf3 1-0

[Event "FIDE World Cup"]
[Site "Tbilisi"]
[Date "2017.09.08"]
[Round "2.8"]
[White "Radjabov, Teimour"]
[Black "Artemiev, Vladislav"]
[Result "1/2-1/2"]
[WhiteElo "2742"]
[BlackElo "2692"]
[Annotator "Szabo,Kr"]
[PlyCount "98"]
[EventDate "2017.09.03"]
[EventType "k.o."]
[EventRounds "7"]
[EventCountry "GEO"]
[SourceTitle "CBM 181"]
[Source "ChessBase"]
[SourceDate "2017.11.10"]
[SourceVersion "1"]
[SourceVersionDate "2017.11.10"]
[SourceQuality "1"]

{This was the last blitz game between Radjabov and Artemiev in the FIDE World
Cup.} 1. e4 c5 2. Nf3 a6 3. c4 e6 4. Nc3 Qc7 5. d4 cxd4 6. Nxd4 Nf6 7. Be3 (7.
a3 {is the other main move.}) 7... b6 8. Rc1 Bb7 9. f3 Bd6 10. g3 (10. Ndb5 $2
{is not working, because of} axb5 11. Nxb5 Bb4+ $19 {and White has lost a
piece.}) 10... h5 $5 {The most ambitious reply! Black wants to create a
weakness on g3.} (10... Be7 {has also been tried,} 11. Qb3 Bc5 (11... d6 $5)
12. Na4 d6 13. Qc3 Bc6 14. Nxc5 bxc5 15. Nc2 O-O 16. Be2 Nbd7 17. O-O $14 {
Ajrapetjan-Miroshnichenko, Alushta 2007, and White has a comfortable position.}
) 11. Qd2 {Threatening with Ndb5!} Be7 $2 {A logical move, but here this is a
mistake.} (11... Be5 12. Bg2 $14 {followed by f4, it looks also fine for White.
}) 12. Be2 $2 {An error in reply!} ({The fantastic} 12. Nd5 $1 {was working
now,} exd5 13. cxd5 Qd8 ({or} 13... Qe5 14. Nf5 $1 $16) 14. Nf5 $1 $16 {
with a very strong attack!}) 12... d6 13. O-O Nbd7 {This is a normal Hedgehog
system, where White has played g3.} 14. Qe1 {White wants to put his bishop on
f2.} (14. Rfd1 {would be the natural continuation.}) 14... O-O 15. Qf2 Ne5 16.
Rfd1 Rac8 17. b3 (17. b4 $5 {is the typical plan,} Qb8 (17... Nxc4 $2 {is bad,
because of} 18. Bxc4 Qxc4 19. Qb2 $1 $16 {followed by Nd5.}) 18. Na4 Nfd7 $13 {
with an unclear middlegame.}) 17... Qb8 18. Rc2 Rc7 19. Rdc1 Rfc8 20. h3 d5 $5
{This is the typical break-through in the centre, however it is not sure this
was the best moment.} ({The solid} 20... Ned7 {was also possible.}) 21. f4 $1 {
The right reply! White gains some space with f4, e5.} Ned7 22. e5 Ne4 23. Nxe4
dxe4 24. Bxh5 Nc5 {Of course Black has compensation for the pawn. However
White should continue the pressure.} 25. Qe2 (25. f5 $1 {was the best reply,}
Rf8 $1 {Nice defensive move!} (25... exf5 $2 26. Qxf5 $18 {is hopeless for
Black.}) ({or} 25... Nd3 $2 {could have been met by} 26. Bxf7+ $1 Kxf7 27.
fxe6+ Kg8 28. Qf7+ Kh7 29. Nf5 Bf8 30. e7 $18 {is also winning for White.}) 26.
f6 Nd3 27. fxe7 $1 Rxe7 (27... Nxf2 $2 28. exf8=Q+ Qxf8 29. Rxf2 $18 {and
White has too many pieces for the queen.}) 28. Qh2 $1 {A very deep move!} Qxe5
29. Be2 Rd7 (29... Nxc1 30. Rxc1 $16) 30. g4 $1 {This is the point of 28.Qh2!}
Qxh2+ 31. Kxh2 Nxc1 32. Rxc1 Rfd8 33. Nxe6 $1 fxe6 34. Bxb6 $14 {and White is
slightly better.}) 25... Nd3 (25... Bf8 $5 {is safer.}) 26. Rf1 ({The brilliant
} 26. Nxe6 $3 {worked here,} Nxc1 (26... fxe6 27. Bg6 $1 $16 {followed by Qh5.}
) 27. Qg4 $1 fxe6 28. Bg6 $1 $18 {with a decisive attack! What a wonderful
tactical blow!}) 26... Bc5 27. Rd2 Rd7 28. Nc2 b5 29. Bxc5 Rxc5 30. Ne3 Qd8 31.
Rdd1 Qb6 32. Kh2 Rc8 33. h4 (33. f5 $1 {was strong to create an attack on the
kingside.}) 33... Rcd8 34. Bg4 Qa5 {Threatening with ...Nxe5 followed by ...
Rd2.} 35. Kg1 Qc3 36. h5 bxc4 37. bxc4 $6 (37. Nxc4 {was more accurate.}) 37...
Nc5 38. Rxd7 Rxd7 39. Rd1 $2 {A logical move, but this is the decisive mistake!
} (39. Qe1 {was the only move,} Qa3 40. Qf2 Rd3 $15 {and Black also continues
the pressure.}) 39... Rxd1+ 40. Nxd1 Qxg3+ $19 41. Qg2 Qxf4 42. Be2 Qxe5 43.
Ne3 Qf4 44. Ng4 Kh7 45. h6 gxh6 46. Qh3 Qg5 47. Kf1 Qf4+ 48. Kg1 Qg5 49. Kf1
Qf4+ {and the draw was agreed, because Black won the match.} (49... f5 $19)
1/2-1/2

[Event "EU-chT (Men) 21st"]
[Site "Heraklion"]
[Date "2017.10.28"]
[Round "1.1"]
[White "Vocaturo, Daniele"]
[Black "Radjabov, Teimour"]
[Result "1/2-1/2"]
[WhiteElo "2607"]
[BlackElo "2741"]
[PlyCount "113"]
[EventDate "2017.10.28"]
[EventType "team-swiss"]
[EventRounds "9"]
[EventCountry "GRE"]
[SourceTitle "CBM 182"]
[Source "ChessBase"]
[SourceDate "2018.01.17"]
[SourceVersion "1"]
[SourceVersionDate "2018.01.17"]
[SourceQuality "1"]
[WhiteTeam "Italy"]
[BlackTeam "Azerbaijan"]
[WhiteTeamCountry "ITA"]
[BlackTeamCountry "AZE"]

1. e4 c5 2. Nf3 Nc6 3. d4 cxd4 4. Nxd4 e5 5. Nb5 d6 6. N1c3 a6 7. Na3 Be6 8.
Nc4 b5 9. Ne3 Nf6 10. g3 g6 11. Bg2 Bh6 12. O-O O-O 13. Bd2 Rc8 14. Ncd5 Bxd5
15. exd5 Ne7 16. a4 Qb6 17. axb5 axb5 18. Qe2 Ra8 19. b4 Qb7 20. Ra5 Bxe3 21.
fxe3 Rxa5 22. bxa5 Kg7 23. Rb1 Qc7 24. Rxb5 Qxc2 25. e4 Qa4 26. Rb7 Neg8 27. a6
Rc8 28. Rb4 Qa3 29. Rb1 Qa4 30. Rc1 Rb8 31. Bf3 Rb3 32. Rc6 Qd4+ 33. Qf2 Qa4
34. a7 Ra3 35. Be3 Nxe4 36. a8=Q Nxf2 37. Qxa4 Nh3+ 38. Kg2 Rxa4 39. Bc1 Ne7
40. Rc2 Nf5 41. Kxh3 Nd4 42. Rf2 f5 43. Kg2 Ra5 44. Rb2 Kf6 45. Bd2 Ra3 46. Bd1
g5 47. Bb4 Ra1 48. Be2 Nxe2 49. Rxe2 Ra6 50. Rc2 Rb6 51. Ba5 Rb5 52. Bd8+ Kg6
53. Rd2 Rb7 54. Rc2 Rb5 55. Rd2 Rb7 56. Rc2 Rb5 57. Rd2 1/2-1/2

[Event "EU-chT (Men) 21st"]
[Site "Heraklion"]
[Date "2017.10.30"]
[Round "3.2"]
[White "Radjabov, Teimour"]
[Black "Salgado Lopez, Ivan"]
[Result "1/2-1/2"]
[WhiteElo "2741"]
[BlackElo "2629"]
[PlyCount "69"]
[EventDate "2017.10.28"]
[EventType "team-swiss"]
[EventRounds "9"]
[EventCountry "GRE"]
[SourceTitle "CBM 182"]
[Source "ChessBase"]
[SourceDate "2018.01.17"]
[SourceVersion "1"]
[SourceVersionDate "2018.01.17"]
[SourceQuality "1"]
[WhiteTeam "Azerbaijan"]
[BlackTeam "Spain"]
[WhiteTeamCountry "AZE"]
[BlackTeamCountry "ESP"]

1. Nf3 d5 2. d4 Nf6 3. c4 e6 4. Nc3 dxc4 5. e4 Bb4 6. Bg5 h6 7. Bxf6 Qxf6 8.
Bxc4 O-O 9. O-O c5 10. e5 Qd8 11. Qe2 cxd4 12. Rad1 Bxc3 13. bxc3 Bd7 14. cxd4
Bc6 15. Rfe1 Re8 16. Qe3 Nd7 17. d5 Bxd5 18. Bxd5 exd5 19. Rxd5 Qe7 20. h3 Nb6
21. Rd4 Qe6 22. Rg4 Nd5 23. Qd2 Ne7 24. Nd4 Qb6 25. Qc3 Rad8 26. e6 f6 27. Qg3
g5 28. Qf3 Qa5 29. Qxf6 Qxe1+ 30. Kh2 Rf8 31. Qxh6 Rd5 32. Rxg5+ Rxg5 33. Qxg5+
Kh8 34. Qh6+ Kg8 35. Qg5+ 1/2-1/2

[Event "EU-chT (Men) 21st"]
[Site "Heraklion"]
[Date "2017.10.31"]
[Round "4.2"]
[White "Hamitevici, Vladimir"]
[Black "Radjabov, Teimour"]
[Result "0-1"]
[WhiteElo "2519"]
[BlackElo "2741"]
[PlyCount "98"]
[EventDate "2017.10.28"]
[EventType "team-swiss"]
[EventRounds "9"]
[EventCountry "GRE"]
[SourceTitle "CBM 182"]
[Source "ChessBase"]
[SourceDate "2018.01.17"]
[SourceVersion "1"]
[SourceVersionDate "2018.01.17"]
[SourceQuality "1"]
[WhiteTeam "Moldova"]
[BlackTeam "Azerbaijan"]
[WhiteTeamCountry "MDA"]
[BlackTeamCountry "AZE"]

1. d4 Nf6 2. c4 e6 3. Nf3 b6 4. e3 Bb7 5. Bd3 d5 6. cxd5 exd5 7. O-O Bd6 8. b3
O-O 9. Ba3 c5 10. Nc3 Nbd7 11. Nb5 Be7 12. Rc1 Re8 13. Re1 a6 14. Nc3 Ne4 15.
Ne2 Ndf6 16. Ne5 Bf8 17. f3 c4 18. Bxf8 cxd3 19. Qxd3 Rxf8 20. fxe4 Nxe4 21.
Ng3 Nxg3 22. hxg3 f6 23. Nf3 Qd6 24. Qf5 Rac8 25. Qf4 Qe6 26. Rc7 Bc6 27. g4 g5
28. Qg3 Bd7 29. a4 a5 30. Re2 Rxc7 31. Qxc7 Rc8 32. Qb7 Qd6 33. e4 dxe4 34.
Qxe4 Re8 35. Qd3 Rxe2 36. Qxe2 Bxg4 37. Qe3 Qe6 38. Qc3 Kf7 39. Kf2 h5 40. Qc2
Bf5 41. Qc7+ Kg6 42. d5 Qxd5 43. Qxb6 Be4 44. Qe3 h4 45. Qc3 Qf5 46. Kg1 h3 47.
Qc4 Bd5 48. Qe2 hxg2 49. Kxg2 Kf7 0-1

[Event "EU-chT (Men) 21st"]
[Site "Heraklion"]
[Date "2017.11.01"]
[Round "5.2"]
[White "Laznicka, Viktor"]
[Black "Radjabov, Teimour"]
[Result "1/2-1/2"]
[WhiteElo "2654"]
[BlackElo "2741"]
[PlyCount "61"]
[EventDate "2017.10.28"]
[EventType "team-swiss"]
[EventRounds "9"]
[EventCountry "GRE"]
[SourceTitle "CBM 182"]
[Source "ChessBase"]
[SourceDate "2018.01.17"]
[SourceVersion "1"]
[SourceVersionDate "2018.01.17"]
[SourceQuality "1"]
[WhiteTeam "Czech Republic"]
[BlackTeam "Azerbaijan"]
[WhiteTeamCountry "CZE"]
[BlackTeamCountry "AZE"]

1. c4 c5 2. Nf3 Nf6 3. b3 d6 4. Bb2 e5 5. e3 Nc6 6. Nc3 g6 7. d4 exd4 8. exd4
cxd4 9. Nxd4 Bg7 10. Be2 O-O 11. O-O Re8 12. Nxc6 bxc6 13. Bf3 d5 14. Na4 Bf5
15. cxd5 cxd5 16. Rc1 Ne4 17. Bxg7 Kxg7 18. Qd4+ Qf6 19. Rfd1 Qxd4 20. Rxd4
Rac8 21. Rxc8 Rxc8 22. Rxd5 Rc2 23. g4 Ng5 24. Kg2 Nxf3 25. Kxf3 Be6 26. Rd3
Rxa2 27. Nc5 Kf6 28. h4 a5 29. g5+ Ke7 30. Nxe6 Kxe6 31. Kg3 1/2-1/2

[Event "EU-chT (Men) 21st"]
[Site "Heraklion"]
[Date "2017.11.03"]
[Round "6.2"]
[White "Radjabov, Teimour"]
[Black "Movsesian, Sergei"]
[Result "1-0"]
[WhiteElo "2741"]
[BlackElo "2671"]
[Annotator "Radjabov,T"]
[PlyCount "103"]
[EventDate "2017.10.28"]
[EventType "team-swiss"]
[EventRounds "9"]
[EventCountry "GRE"]
[SourceTitle "CBM 182"]
[Source "ChessBase"]
[SourceDate "2018.01.17"]
[SourceVersion "1"]
[SourceVersionDate "2018.01.17"]
[SourceQuality "1"]
[WhiteTeam "Azerbaijan"]
[BlackTeam "Armenia"]
[WhiteTeamCountry "AZE"]
[BlackTeamCountry "ARM"]

{In this important match (we had started with a loss in this championship and
were in a must win situation almost in every game), I had White and the only
goal was to try pressing as much as I could. Improvisation started more or
less from the first moves, when we finally got in a more or less classical
structure arising from a Nimzo with e3.} 1. d4 Nf6 2. c4 e6 3. Nc3 Bb4 4. e3 d5
5. a3 Bxc3+ 6. bxc3 O-O 7. Bd3 c6 $5 (7... dxc4 8. Bxc4 c5 {is more common}) 8.
Ne2 b6 9. O-O Ba6 10. cxd5 cxd5 11. Bxa6 Nxa6 12. Qd3 {Now even if the
position looks innocent at first sight, the plan for White is clear: f3-e4 and
creating threats on the king's flank. Black has to play cautiously not to
allow a furious attack.} Qc8 13. f3 Nb8 14. e4 Qa6 15. Qe3 {The computer
suggests Qxa6 followed by e5 and a4, but I honestly don't think it's the way
to play for a win.} Nc6 16. Ng3 Kh8 {An interesting move; Black prepares for
the Qg5 move where he can always protect g7 by ...Rg8.} 17. a4 {I was trying
to free my bishop on c1 as I thought it's the only badly placed piece in
White's camp. Attack does not work yet and making useful moves makes sense for
now.} Na5 {Very logical, Black goes for the c4-square and will decide about
the c1-bishop, if he should capture or not.} 18. e5 Nd7 19. Ba3 (19. Qg5 Qd3 {
and I was not sure what to do! The queen may come to g6 followed by ...f6 for
example, c3 hanging and the knight is coming to c4 or b3.}) 19... Nc4 20. Qg5 {
It all looks dangerous for Black at first sight, but I thought that Black can
go for ...Nxa3 followed by ...Qd3 and it seemed to me that the position is ok
for Black, even though there are still a lot of tricks in the air,
Nh5-Qe7-f4-f5 somewhere, but of course if was a viable option. The computer
suggests even ...Rfe8 and after Nh5 Rg8:)} f6 {This came as a surprise! Black
weakens the e6-pawn and gives a lot of targets for my pieces to attack.} (20...
Rfe8 21. f4 (21. Nh5 $6 Rg8 22. Qe7 Qc8 23. Qxf7 Ndxe5 $3 24. dxe5 Nxa3 $1 $17)
21... f6 22. Qh5 g6 23. Qh4 Nxa3 24. Rxa3 $13) 21. exf6 Rxf6 22. Nh5 $1 {
An important move; the rook should go to f7 now.} Rf7 23. Rfe1 {I thought that
the position could be equal, but playing Black here is harder at least. He has
to protect the e6-pawn and watch out for tricks with the last rank being
weakened.} Nxa3 $1 (23... b5 $2 24. axb5 Qxb5 25. Bb4 $1 {I was hoping for
this!} Qc6 {it looks like Black is fine but...} 26. Rxa7 $3 Rxa7 27. Qd8+ Nf8
28. Bxf8 $18) 24. Rxa3 Re8 25. Nf4 Qc8 $1 {Very strong defence by Black, I was
already worried about the e5 thrust, that's why all my thoughts were to
protect against it.} 26. Re3 {Defending c3 in order to bring the rook from a3
to e1.} Rf5 $2 {The first bad move comes here, Black had to go for
complications after ...e5, but my opponent did not have enough time here to
calculate the consequences.} (26... e5 $1 {worried me the most!} 27. Nxd5 exd4
28. cxd4 Qc1+ 29. Kf2 Qd2+ 30. Kg3 Ref8 $1 {I was not sure what this is, but
thought that Black should play this way for sure and the computer agrees.} 31.
Ne7 $1 {with some slight pressure but Black should keep it all. For example,
one very strong move being} Qb4 $3 $11 {with the idea to play ...Qd6+ and ...
Qxd4 later to follow.}) 27. Qg3 Qb8 $2 {One more bad move by Black in an
already not so pleasant position.} (27... Qc6 $1 {Active defence was
preferable; the queen stands much better here, eyeing a4 and c3 as well as
protecting e6 but after say} 28. Nd3 $14 {White still maintains some pressure.}
) 28. Nd3 $1 e5 29. Ra2 $1 {I like this move and now after seeing that the
computer thinks it is the best move here, even more so, I was hesitating if I
have to go 29.Qe1 instead but I did not like some things there. As shown in
the lines, the computer says that Ra1 is the best, but I wanted to protect the
second rank, feeling, as I did, that in endgames it could be important.} (29.
Qe1 $5 e4 30. fxe4 dxe4 31. Rxe4 Rxe4 32. Qxe4 Rf8 {and I was not sure here
how to convert my advantage at all. c3 is weak my king is not great and ...Nf6
is always in the air.}) 29... exd4 30. Qxb8 Rxb8 31. cxd4 Rf7 32. Rc2 Kg8 33.
Re6 $1 {A strong move, with the idea to attack d5 or bring the rook to the
c-line and fully occupy the c-file and the 7th rank.} Nf6 34. Ne5 Rfb7 35. Rec6
$6 (35. g4 $1 {The computer points out this very strong move, that would end
the game much faster. Now there is simply no move for Black: the rook goes to
d6 and h4 is coming, the king comes to g3 and the position is completely lost
for Black.}) 35... h6 36. h4 b5 37. axb5 Rxb5 38. Ra6 R5b7 39. Rca2 Kh7 (39...
Nh5 $1 {would be much more tenacious, Black wants to bring the knight to f4.}
40. Kh2 $1 Rb2 41. Rxa7 Nf4 42. Nd7 Rxa2 43. Rxa2 Rc8 44. Kg3 Ne6 45. Nb6 $16 {
3 vs 2 with knights and rooks is a hard constellation to hold, but it would be
the best chance for Black!}) 40. Rxa7 Rxa7 41. Rxa7 Rb4 $2 {Losing move!} (
41... Nh5 $1 {was still the best!} 42. g4 Nf4 43. h5 $1 Ne2+ 44. Kf2 Nxd4 45.
Rd7 {with good chances for White, but still Black has chances!}) 42. Nc6 $1 Rc4
43. Nd8 Nh5 44. Ne6 Rc1+ 45. Kh2 Re1 46. Ra6 Nf6 47. g4 {White's play is very
simple: the king comes to g3 and many pawns make Black's task impossible, g5
is threatening all the time and Black's king is very weak. Here I was sure
that I was winning already.} Kg8 48. g5 $1 hxg5 49. hxg5 Nh7 50. g6 Nf8 51. Nf4
Rd1 52. Ra8 {Black resigned! An important victory as we managed to win 2.5-1.5
due to my win and the win of Rauf that day. This helped us a lot in chasing
the title!} 1-0

[Event "EU-chT (Men) 21st"]
[Site "Heraklion"]
[Date "2017.11.04"]
[Round "7.2"]
[White "Erdos, Viktor"]
[Black "Radjabov, Teimour"]
[Result "1/2-1/2"]
[WhiteElo "2624"]
[BlackElo "2741"]
[PlyCount "61"]
[EventDate "2017.10.28"]
[EventType "team-swiss"]
[EventRounds "9"]
[EventCountry "GRE"]
[SourceTitle "CBM 182"]
[Source "ChessBase"]
[SourceDate "2018.01.17"]
[SourceVersion "1"]
[SourceVersionDate "2018.01.17"]
[SourceQuality "1"]
[WhiteTeam "Hungary"]
[BlackTeam "Azerbaijan"]
[WhiteTeamCountry "HUN"]
[BlackTeamCountry "AZE"]

1. Nf3 Nf6 2. c4 e6 3. Nc3 d5 4. d4 Be7 5. Bg5 h6 6. Bxf6 Bxf6 7. e3 O-O 8. Rc1
c6 9. Bd3 Nd7 10. O-O dxc4 11. Bxc4 e5 12. h3 exd4 13. exd4 Nb6 14. Bb3 Re8 15.
Re1 Bf5 16. g4 Bg6 17. Rxe8+ Qxe8 18. Qd2 Rd8 19. Re1 Qd7 20. Qf4 Nd5 21. Nxd5
cxd5 22. Ne5 Qd6 23. Nxg6 fxg6 24. Qxd6 Rxd6 25. Rc1 Bxd4 26. Rd1 Bxb2 27. Rxd5
Rxd5 28. Bxd5+ Kf8 29. Bxb7 Ba1 30. Kg2 g5 31. Ba8 1/2-1/2